000 00866cam a22002531 4500
999 _c127068
_d127068
001 1233839
003 ARRUPE
005 20171016113710.0
008 710421r19671570enk 000 0 eng
010 _a 68077064
015 _aB67-16254
040 _aDLC
_cDLC
_dDLC
050 0 0 _aPA2061
_b.A8 1570a
082 0 0 _a470/.7
100 1 _aAscham, Roger,
_936957
245 1 4 _aThe scholemaster
_cEdited with introduction and notes by R.J. Schoeck
260 _aOntario,
_bJ.M. Dent and sons Limited,
_c1966.
300 _axxiv, 166 p. ;
_c19 cm.
650 0 _aLatin language
_xStudy and teaching
_936958
700 _aSchoeck, RJ
_eed.
_937085
906 _a7
_bcbc
_corignew
_du
_eopcn
_f19
_gy-gencatlg
942 _2lcc
_cMONOGRAPH